[Event "DEM U16 2016"]
[Site "Willingen GER"]
[Date "2016.05.17"]
[Round "4"]
[White "Schröder, Kevin"]
[Black "Fieberg, Samuel"]
[Result "1-0"]
[Termination "normal"]
[Board "3"]
[WhiteElo "2361"]
[BlackElo "2176"]
[WhiteClock "00:57:36"]
[BlackClock "00:39:08"]
[PlyCount "91"]
[WhiteFideId "12929840"]
[BlackFideId "12901717"]
[EventCountry "GER"]
[EventRounds "9"]
[EventType "swiss"]
[EventDate "2016.05.14"]

1. e4 c5 2. Nf3 Nc6 3. Bb5 g6 4. O-O Bg7 5. d3 Qb6 6. Na3 d6 7. Ba4 Bd7 8. Nc4
Qc7 9. Bf4 e5 10. Bg5 Nge7 11. c3 a6 12. Bxe7 Nxe7 13. Bxd7+ Kxd7 14. Qb3 b5
15. Ne3 Rhf8 16. a4 bxa4 17. Rxa4 Qc6 18. Nc4 Rfb8 19. Qa2 Qb5 20. Ra1 Qb3 21.
Qb1 h6 22. R1a3 Qb5 23. Qa2 a5 24. Rxa5 Rxa5 25. Rxa5 Qb3 26. Ra7+ Ke6 27. Qxb3
Rxb3 28. Ra6 Nc8 29. Ra8 Kd7 30. Nfd2 Rb7 31. Rxc8 Kxc8 32. Nxd6+ Kb8 33. Nxb7
Kxb7 34. Nc4 Kc6 35. Kf1 f6 36. Ke2 Bf8 37. Kd2 Kb5 38. Kc2 h5 39. Kb3 Bh6 40.
Na3+ Kc6 41. Nc2 Kb5 42. Ne3 Bg5 43. Nd5 h4 44. Ne7 f5 45. Nxg6 fxe4 46. dxe4
1-0

[Event "DEM U16 2016"]
[Site "Willingen GER"]
[Date "2016.05.17"]
[Round "4"]
[White "Bergauz, Noam"]
[Black "Muckle, Julius"]
[Result "1/2-1/2"]
[Termination "normal"]
[Board "4"]
[WhiteElo "2301"]
[BlackElo "2163"]
[WhiteClock "00:50:20"]
[BlackClock "01:07:03"]
[PlyCount "58"]
[WhiteFideId "12938033"]
[BlackFideId "12942430"]
[EventCountry "GER"]
[EventRounds "9"]
[EventType "swiss"]
[EventDate "2016.05.14"]

1. e4 e6 2. d4 d5 3. Nd2 c5 4. Ngf3 Nc6 5. exd5 exd5 6. Bb5 Bd6 7. O-O Nge7 8.
dxc5 Bxc5 9. Nb3 Bd6 10. Re1 O-O 11. Bg5 Bg4 12. Bh4 Qc7 13. Bg3 Rad8 14. Be2
Nf5 15. Nfd4 Bxg3 16. hxg3 Bxe2 17. Rxe2 Nfxd4 18. Nxd4 Qb6 19. c3 Nxd4 20.
Qxd4 Qxd4 21. cxd4 Rd7 22. Rae1 f6 23. f3 Kf7 24. Rc1 Re8 25. Kf2 Rxe2+ 26.
Kxe2 Ke7 27. Rc8 Rd8 28. Rc7+ Rd7 29. Rc8 Rd8 1/2-1/2

[Event "DEM U16 2016"]
[Site "Willingen GER"]
[Date "2016.05.17"]
[Round "4"]
[White "Kitze, Alexander"]
[Black "Polster, Christian"]
[Result "0-1"]
[Termination "normal"]
[Board "5"]
[WhiteElo "2231"]
[BlackElo "2150"]
[WhiteClock "00:24:53"]
[BlackClock "00:41:41"]
[PlyCount "52"]
[WhiteFideId "12914827"]
[BlackFideId "12965081"]
[EventCountry "GER"]
[EventRounds "9"]
[EventType "swiss"]
[EventDate "2016.05.14"]

1. e4 c5 2. Nf3 d6 3. d4 cxd4 4. Nxd4 Nf6 5. Nc3 a6 6. Be3 e5 7. Nb3 Be6 8. Qd2
Be7 9. f3 O-O 10. O-O-O Nbd7 11. g4 b5 12. g5 b4 13. Ne2 Ne8 14. f4 a5 15. f5
a4 16. fxe6 axb3 17. exf7+ Rxf7 18. Kb1 Rxa2 19. Nc1 Qa8 20. Nxb3 Bxg5 21. Bxg5
Nc5 22. Qd5 Rxb2+ 23. Kxb2 Qa3+ 24. Kb1 Na4 25. Qxf7+ Kxf7 26. Bc4+ Kg6 0-1

[Event "DEM U16 2016"]
[Site "Willingen GER"]
[Date "2016.05.17"]
[Round "4"]
[White "Kololli, Kevin"]
[Black "Gungl, Theo"]
[Result "0-1"]
[Termination "normal"]
[Board "6"]
[WhiteElo "2164"]
[BlackElo "2326"]
[WhiteClock "01:11:18"]
[BlackClock "00:23:07"]
[PlyCount "78"]
[WhiteFideId "12936863"]
[BlackFideId "24695653"]
[EventCountry "GER"]
[EventRounds "9"]
[EventType "swiss"]
[EventDate "2016.05.14"]

1. e4 c5 2. Nf3 d6 3. d4 cxd4 4. Nxd4 Nf6 5. Nc3 a6 6. Bc4 e6 7. Bb3 Nbd7 8.
Be3 Nc5 9. f4 Be7 10. O-O O-O 11. f5 e5 12. Nde2 Ncxe4 13. Nxe4 Nxe4 14. Bd5
Nf6 15. c4 Qc7 16. Nc3 Bd7 17. a4 Bc6 18. a5 Rac8 19. Kh1 Qd7 20. Qe2 Nxd5 21.
cxd5 Bb5 22. Qg4 Rc4 23. Qg3 Rxc3 24. bxc3 Bxf1 25. Rxf1 Qb5 26. Kg1 Bf6 27.
Bh6 Kh8 28. Bg5 Bxg5 29. Qxg5 f6 30. Qd2 Rc8 31. Rf3 Rc5 32. Rd3 Qxa5 33. g4
Rc4 34. g5 Ra4 35. Qe2 Ra1+ 36. Rd1 Qxc3 37. gxf6 Qd4+ 38. Kg2 Rxd1 39. f7
Qxd5+ 0-1

[Event "DEM U16 2016"]
[Site "Willingen GER"]
[Date "2016.05.17"]
[Round "4"]
[White "Niermann, Tristan"]
[Black "Schmidek, Emil"]
[Result "0-1"]
[Termination "normal"]
[Board "7"]
[WhiteElo "2025"]
[BlackElo "2242"]
[WhiteClock "00:09:57"]
[BlackClock "00:19:14"]
[PlyCount "114"]
[WhiteFideId "12990698"]
[BlackFideId "12908150"]
[EventCountry "GER"]
[EventRounds "9"]
[EventType "swiss"]
[EventDate "2016.05.14"]

1. d4 Nf6 2. c4 g6 3. f3 Bg7 4. e4 O-O 5. Nc3 d6 6. Be3 Nbd7 7. Nge2 c5 8. Qd2
a6 9. dxc5 Nxc5 10. Rd1 Be6 11. Nf4 Rc8 12. Nxe6 Nxe6 13. Be2 Nd7 14. Nd5 Ne5
15. Rc1 Nc6 16. O-O Ned4 17. Rfd1 e6 18. Nc3 Qa5 19. Bf1 f5 20. exf5 Nxf5 21.
Qf2 Qe5 22. Bb6 Bh6 23. Re1 Bxc1 24. Rxe5 Nxe5 25. Qc2 Be3+ 26. Bxe3 Nxe3 27.
Qe4 Nxf1 28. Kxf1 Rf7 29. Qd4 Nxc4 30. b3 Ne5 31. Qxd6 Nxf3 32. gxf3 Rxc3 33.
Qxe6 Rcxf3+ 34. Kg2 Kg7 35. Qd5 h5 36. a4 Rf2+ 37. Kg1 Ra2 38. Qe6 Raf2 39. Qd5
Kh7 40. Qe6 R2f6 41. Qe8 Rf5 42. Kh1 h4 43. Kg2 Rf3 44. Kg1 h3 45. Qe1 g5 46.
b4 Rf1+ 47. Qxf1 Rxf1+ 48. Kxf1 Kg6 49. b5 axb5 50. axb5 Kf5 51. Kf2 Kf4 52. b6
g4 53. Kg1 g3 54. hxg3+ Kxg3 55. Kh1 Kf3 56. Kh2 Ke4 57. Kxh3 Kd5 0-1

[Event "DEM U16 2016"]
[Site "Willingen GER"]
[Date "2016.05.17"]
[Round "4"]
[White "Rieß, Alexander"]
[Black "Lagunow, Raphael"]
[Result "1/2-1/2"]
[Termination "normal"]
[Board "8"]
[WhiteTitle "FM"]
[WhiteElo "2205"]
[BlackElo "2311"]
[WhiteClock "00:20:33"]
[BlackClock "00:04:05"]
[PlyCount "104"]
[WhiteFideId "12953326"]
[BlackFideId "24652644"]
[EventCountry "GER"]
[EventRounds "9"]
[EventType "swiss"]
[EventDate "2016.05.14"]

1. d4 d5 2. c4 c6 3. Nf3 Nf6 4. Nc3 e6 5. Bg5 h6 6. Bxf6 Qxf6 7. e3 Nd7 8. Bd3
dxc4 9. Bxc4 g6 10. O-O Bg7 11. Re1 O-O 12. e4 e5 13. d5 Nb6 14. Bb3 Rd8 15.
Re3 Bd7 16. Qe2 a5 17. a4 Be8 18. h4 Bf8 19. h5 Bc5 20. Rd3 gxh5 21. Nh2 Kh7
22. Qxh5 Qg5 23. Qf3 Rd6 24. Qg4 Bd7 25. Qxg5 hxg5 26. Nf3 f6 27. Rad1 Rd8 28.
dxc6 Bxc6 29. Rxd6 Rxd6 30. Rxd6 Bxd6 31. Nd5 Nd7 32. Nd2 Kg7 33. Nc4 Bb4 34.
Bc2 Nc5 35. b3 Ne6 36. Nxb4 axb4 37. f3 Nd4 38. Ne3 Bd7 39. Bd1 Be6 40. Kf2 Kf7
41. Ke1 Ke7 42. Nc2 Nc6 43. Kd2 Kd6 44. Na1 Kc5 45. g4 Nd4 46. Ke3 b6 47. Kd2
Bd7 48. Ke3 Bc8 49. Kd3 Ba6+ 50. Ke3 Bc8 51. Kd3 Bd7 52. Ke3 Bc8 1/2-1/2

[Event "DEM U16 2016"]
[Site "Willingen GER"]
[Date "2016.05.17"]
[Round "4"]
[White "Ravina, David"]
[Black "Spitzl, Vinzent"]
[Result "1/2-1/2"]
[Termination "normal"]
[Board "9"]
[WhiteElo "2129"]
[BlackElo "2253"]
[WhiteClock "00:05:50"]
[BlackClock "00:15:42"]
[PlyCount "60"]
[WhiteFideId "12921858"]
[BlackFideId "12901253"]
[EventCountry "GER"]
[EventRounds "9"]
[EventType "swiss"]
[EventDate "2016.05.14"]

1. e4 c5 2. Nf3 d6 3. Bb5+ Nc6 4. O-O Bd7 5. Re1 Nf6 6. h3 Nd4 7. Bxd7+ Nxd7 8.
d3 g6 9. c3 Nxf3+ 10. Qxf3 Bg7 11. Be3 O-O 12. Nd2 Rc8 13. a4 Qb6 14. Nc4 Qa6
15. Ra3 Ne5 16. Nxe5 Bxe5 17. Qe2 Bf6 18. Bh6 Rfe8 19. f4 Bg7 20. Bxg7 Kxg7 21.
e5 dxe5 22. Qxe5+ f6 23. Qe4 Qb6 24. Re2 e5 25. a5 Qb5 26. Qd5 Qc6 27. Qxc6
Rxc6 28. fxe5 fxe5 29. Rb3 b6 30. d4 cxd4 1/2-1/2

[Event "DEM U16 2016"]
[Site "Willingen GER"]
[Date "2016.05.17"]
[Round "4"]
[White "Wiesner, Alexander"]
[Black "Martin, Julian"]
[Result "0-1"]
[Termination "normal"]
[Board "10"]
[WhiteElo "1832"]
[BlackElo "2325"]
[WhiteClock "00:14:29"]
[BlackClock "00:47:34"]
[PlyCount "60"]
[WhiteFideId "12943991"]
[BlackFideId "12941000"]
[EventCountry "GER"]
[EventRounds "9"]
[EventType "swiss"]
[EventDate "2016.05.14"]

1. e4 c5 2. Nf3 d6 3. d4 cxd4 4. Nxd4 Nf6 5. Nc3 a6 6. Be2 e5 7. Nf3 Be7 8. Bg5
Nbd7 9. O-O O-O 10. Nd2 b5 11. Re1 Bb7 12. Bf1 Nc5 13. Bxf6 Bxf6 14. Nd5 Bxd5
15. exd5 g6 16. Ne4 Nxe4 17. Rxe4 Bg7 18. a4 f5 19. Rb4 bxa4 20. Rbxa4 e4 21.
c3 a5 22. Qb3 Be5 23. Qa3 Qb6 24. b4 axb4 25. Qb3 Rxa4 26. Rxa4 Bxc3 27. Ra6
Qb8 28. Qa4 b3 29. Ra7 b2 30. Qd7 Qxa7 0-1

[Event "DEM U16 2016"]
[Site "Willingen GER"]
[Date "2016.05.17"]
[Round "4"]
[White "Ovsepyan, Arshak"]
[Black "Savchenko, Daniel"]
[Result "1-0"]
[Termination "normal"]
[Board "11"]
[WhiteElo "2158"]
[BlackElo "1955"]
[WhiteClock "00:37:00"]
[BlackClock "00:28:38"]
[PlyCount "119"]
[WhiteFideId "24690236"]
[BlackFideId "12919195"]
[EventCountry "GER"]
[EventRounds "9"]
[EventType "swiss"]
[EventDate "2016.05.14"]

1. e4 e5 2. Nf3 Nf6 3. d4 Nxe4 4. Bd3 d5 5. dxe5 Nc5 6. Be2 Ne6 7. O-O Be7 8.
Be3 O-O 9. c4 dxc4 10. Bxc4 Nd7 11. Nc3 c6 12. Qb3 Nb6 13. Rfd1 Qc7 14. Ne4
Nxc4 15. Qxc4 Bd7 16. Nd6 b6 17. Rac1 Bxd6 18. exd6 Qb7 19. b4 a5 20. a3 Rfc8
21. Ne5 axb4 22. axb4 c5 23. bxc5 bxc5 24. Rb1 Qa7 25. Qd5 Nd8 26. Qf3 Qa4 27.
Bxc5 Bf5 28. Qxf5 Rxc5 29. Re1 f6 30. f4 Qd4+ 31. Kh1 fxe5 32. fxe5 Qxd6 33.
Rbd1 Qf8 34. Qd7 Nc6 35. e6 Qe7 36. Qd3 Rd8 37. Qa3 Rcd5 38. Rxd5 Qxa3 39.
Rxd8+ Nxd8 40. e7 Qxe7 41. Rxe7 Kf8 42. Ra7 Nc6 43. Rc7 Ne7 44. g3 Kf7 45. Kg2
Kf6 46. Kf3 h6 47. Ke4 Ng8 48. Rc6+ Kf7 49. Ke5 Nf6 50. Rc7+ Kg6 51. h3 Ne8 52.
Re7 Nf6 53. g4 Nh7 54. h4 Nf6 55. Re6 Kf7 56. g5 hxg5 57. hxg5 Nd7+ 58. Kf5 Nc5
59. g6+ Kf8 60. Rc6 1-0

[Event "DEM U16 2016"]
[Site "Willingen GER"]
[Date "2016.05.17"]
[Round "4"]
[White "Schlick, Stefan"]
[Black "Silber, Kevin"]
[Result "1/2-1/2"]
[Termination "normal"]
[Board "12"]
[WhiteElo "1918"]
[BlackElo "1956"]
[WhiteClock "00:14:31"]
[BlackClock "00:08:24"]
[PlyCount "105"]
[WhiteFideId "16211332"]
[BlackFideId "12930440"]
[EventCountry "GER"]
[EventRounds "9"]
[EventType "swiss"]
[EventDate "2016.05.14"]

1. d4 c5 2. d5 e5 3. e4 d6 4. Nc3 a6 5. a4 Be7 6. Be2 Bg5 7. Nf3 Bxc1 8. Qxc1
Ne7 9. Nd2 Nd7 10. O-O O-O 11. a5 f5 12. Nc4 Nf6 13. f3 f4 14. Qb1 Qc7 15. b4
g5 16. Kh1 h5 17. bxc5 Qxc5 18. Qb6 Qxb6 19. Nxb6 Rb8 20. Rab1 Bd7 21. Nca4
Bxa4 22. Nxa4 Rfc8 23. Bd3 Nd7 24. Nb6 Rc7 25. Nxd7 Rxd7 26. Bxa6 Ra8 27. Rxb7
Rxb7 28. Bxb7 Rxa5 29. Rb1 g4 30. Bc6 Nxc6 31. dxc6 Rc5 32. Rb8+ Kg7 33. Rb7+
Kg6 34. fxg4 hxg4 35. c7 Rxc2 36. Kg1 g3 37. hxg3 fxg3 38. Kf1 Kg5 39. Ke1 Kf4
40. Kd1 Rc5 41. Rb6 Rxc7 42. Rxd6 Kxe4 43. Rf6 Ra7 44. Rf3 Rg7 45. Ke2 Rg4 46.
Kd2 Rg6 47. Ke2 Kd5 48. Rd3+ Ke4 49. Rf3 Rg5 50. Kd2 Kd5 51. Ra3 Rg8 52. Ke2
Ke4 53. Rf3 1/2-1/2

[Event "DEM U16 2016"]
[Site "Willingen GER"]
[Date "2016.05.17"]
[Round "4"]
[White "Tiarks, Jann-Christian"]
[Black "Piskaykin, Bogdan"]
[Result "1-0"]
[Termination "normal"]
[Board "13"]
[WhiteElo "1983"]
[BlackElo "1869"]
[WhiteClock "00:31:09"]
[BlackClock "00:27:51"]
[PlyCount "153"]
[WhiteFideId "12951595"]
[BlackFideId "12941212"]
[EventCountry "GER"]
[EventRounds "9"]
[EventType "swiss"]
[EventDate "2016.05.14"]

1. e4 c5 2. c3 d5 3. exd5 Qxd5 4. d4 Nf6 5. Nf3 cxd4 6. cxd4 e6 7. Be2 Nc6 8.
O-O Be7 9. Nc3 Qd6 10. Nb5 Qd8 11. Bf4 Nd5 12. Bg3 a6 13. Nc3 O-O 14. Rc1 Re8
15. Na4 Bd6 16. Re1 Nf4 17. Bf1 Ne7 18. Ne5 Nfd5 19. Bd3 Nf5 20. Nc5 Nde7 21.
Qg4 Bb8 22. Red1 Rf8 23. Be4 Ra7 24. Nxf7 Rxf7 25. Bxb8 Ra8 26. Be5 Nd5 27. Bf3
b6 28. Ne4 Raa7 29. Nd6 Nxd6 30. Bxd6 Nf6 31. Qg3 Ne8 32. Be5 Bb7 33. Bxb7
Raxb7 34. h3 Nc7 35. Rc6 Qd7 36. Rdc1 Nd5 37. Bd6 Ne7 38. R6c2 h6 39. Be5 Nf5
40. Qd3 Qb5 41. Qe4 Qd5 42. Qxd5 exd5 43. Rc8+ Rf8 44. Rxf8+ Kxf8 45. Rc8+ Ke7
46. g4 Nd6 47. Rg8 Ne8 48. Bxg7 Kf7 49. Rf8+ Kxg7 50. Rxe8 Rc7 51. Re6 b5 52.
Rxa6 Rc1+ 53. Kg2 Rc4 54. Rb6 b4 55. Kf3 Rxd4 56. Ke3 Re4+ 57. Kd3 Rf4 58. f3
Rxf3+ 59. Kd4 Rxh3 60. Kxd5 Rh4 61. Rxb4 h5 62. Rb7+ Kf6 63. gxh5 Rxh5+ 64. Kc4
Ra5 65. a3 Ke6 66. Kb4 Ra8 67. a4 Kd6 68. Kb5 Rh8 69. b4 Rh5+ 70. Ka6 Rh8 71.
Ka7 Kc6 72. b5+ Kc5 73. a5 Kb4 74. a6 Ka5 75. b6 Rg8 76. Re7 Rc8 77. Re5+ 1-0

[Event "DEM U16 2016"]
[Site "Willingen GER"]
[Date "2016.05.17"]
[Round "4"]
[White "Oberhofer, Cédric"]
[Black "Degenhard, Simon"]
[Result "1/2-1/2"]
[Termination "normal"]
[Board "14"]
[WhiteElo "2090"]
[BlackElo "1967"]
[WhiteClock "00:09:31"]
[BlackClock "00:21:02"]
[PlyCount "64"]
[WhiteFideId "12941220"]
[BlackFideId "12944017"]
[EventCountry "GER"]
[EventRounds "9"]
[EventType "swiss"]
[EventDate "2016.05.14"]

1. e4 e6 2. d3 c5 3. Nf3 g6 4. g3 Bg7 5. Bg2 Nc6 6. O-O Nge7 7. Nbd2 O-O 8. Re1
d6 9. Nf1 e5 10. Bd2 h6 11. Qc1 Kh7 12. Nh4 g5 13. Nf3 Ng6 14. h3 f5 15. exf5
Bxf5 16. g4 Bd7 17. Ng3 Nf4 18. Bxf4 Rxf4 19. Nh5 Rf7 20. Nd2 Qf8 21. Bd5 Re7
22. Nc4 Ree8 23. c3 Be6 24. Be4+ Kg8 25. Ne3 Qf7 26. Bf5 Rf8 27. Bxe6 Qxe6 28.
Nf5 Rxf5 29. gxf5 Qxf5 30. Qe3 Rf8 31. Rad1 Qf7 32. Nxg7 Kxg7 1/2-1/2

[Event "DEM U16 2016"]
[Site "Willingen GER"]
[Date "2016.05.17"]
[Round "4"]
[White "Zimmer, Luca"]
[Black "Wurst, Maximilian"]
[Result "1-0"]
[Termination "normal"]
[Board "15"]
[WhiteElo "1598"]
[BlackElo "1751"]
[WhiteClock "00:23:52"]
[BlackClock "01:19:23"]
[PlyCount "39"]
[WhiteFideId "12921424"]
[BlackFideId "12971812"]
[EventCountry "GER"]
[EventRounds "9"]
[EventType "swiss"]
[EventDate "2016.05.14"]

1. e4 e5 2. Nf3 Nc6 3. Bc4 Bc5 4. O-O Nf6 5. d4 exd4 6. e5 d5 7. exf6 dxc4 8.
Re1+ Be6 9. fxg7 Rg8 10. Bg5 Qd5 11. Nc3 Qf5 12. Ne4 Be7 13. Bxe7 Kxe7 14. Nxd4
Nxd4 15. Qxd4 Qg6 16. Qc5+ Ke8 17. Qxc7 Rxg7 18. Ng3 Qxc2 19. Rxe6+ Kf8 20.
Qe7+ 1-0

[Event "DEM U16 2016"]
[Site "Willingen GER"]
[Date "2016.05.17"]
[Round "5"]
[White "Gungl, Theo"]
[Black "Urban, Konstantin"]
[Result "1/2-1/2"]
[Termination "normal"]
[Board "1"]
[WhiteElo "2326"]
[BlackElo "2242"]
[WhiteClock "01:00:05"]
[BlackClock "00:43:54"]
[PlyCount "62"]
[WhiteFideId "24695653"]
[BlackFideId "12927511"]
[EventCountry "GER"]
[EventRounds "9"]
[EventType "swiss"]
[EventDate "2016.05.14"]

1. d4 d5 2. c4 c6 3. Nf3 Nf6 4. cxd5 cxd5 5. Nc3 Nc6 6. Bf4 Bf5 7. e3 a6 8. Bd3
Bxd3 9. Qxd3 e6 10. O-O Bd6 11. Bxd6 Qxd6 12. Rac1 O-O 13. a3 Rac8 14. Rc2 Rc7
15. Rfc1 Rfc8 16. Ne2 Ne7 17. Rxc7 Rxc7 18. Rxc7 Qxc7 19. Qc3 Qxc3 20. Nxc3 Nc6
21. Kf1 Nd7 22. Ke2 Nb6 23. Kd3 Kf8 24. Ne2 Nc4 25. Kc2 Ke7 26. Nf4 h6 27. Nd3
b6 28. Nd2 Nxd2 29. Kxd2 g5 30. Kc3 f6 31. f3 Kd6 1/2-1/2

[Event "DEM U16 2016"]
[Site "Willingen GER"]
[Date "2016.05.17"]
[Round "5"]
[White "Buckels, Valentin"]
[Black "Schröder, Kevin"]
[Result "1/2-1/2"]
[Termination "normal"]
[Board "2"]
[WhiteElo "2240"]
[BlackElo "2361"]
[WhiteClock "00:11:48"]
[BlackClock "00:16:50"]
[PlyCount "96"]
[WhiteFideId "12942766"]
[BlackFideId "12929840"]
[EventCountry "GER"]
[EventRounds "9"]
[EventType "swiss"]
[EventDate "2016.05.14"]

1. d4 f5 2. g3 Nf6 3. Bg2 g6 4. Nf3 Bg7 5. O-O O-O 6. b3 d6 7. Bb2 Qe8 8. c4
Nbd7 9. Nc3 c6 10. d5 Nc5 11. Nd4 Bd7 12. b4 Nce4 13. Qd3 c5 14. bxc5 Nxc5 15.
Qc2 Rc8 16. e3 Ng4 17. Nce2 g5 18. h3 Nh6 19. Nf3 Qg6 20. h4 Bxb2 21. Qxb2 gxh4
22. Nxh4 Qg7 23. Qxg7+ Kxg7 24. Nd4 Nd3 25. Rfb1 b6 26. Bf1 Ne5 27. a4 Nxc4 28.
Bxc4 Rxc4 29. a5 Rfc8 30. axb6 axb6 31. Ra7 R4c7 32. Rxc7 Rxc7 33. Rxb6 Kf6 34.
Nc6 Be8 35. Ng2 e5 36. Nh4 Nf7 37. Kf1 Ng5 38. Kg2 Bd7 39. Nb8 Nf7 40. Nxd7+
Rxd7 41. Rb4 h5 42. Rb8 e4 43. Re8 Ng5 44. Rh8 Nh7 45. Re8 Ng5 46. Rg8 Nf7 47.
Re8 Ng5 48. Rg8 Ke5 1/2-1/2

[Event "DEM U16 2016"]
[Site "Willingen GER"]
[Date "2016.05.17"]
[Round "5"]
[White "Kololli, Martin"]
[Black "Schmidek, Emil"]
[Result "1-0"]
[Termination "normal"]
[Board "3"]
[WhiteElo "2259"]
[BlackElo "2242"]
[WhiteClock "00:13:04"]
[BlackClock "00:00:34"]
[PlyCount "73"]
[WhiteFideId "12936910"]
[BlackFideId "12908150"]
[EventCountry "GER"]
[EventRounds "9"]
[EventType "swiss"]
[EventDate "2016.05.14"]

1. g3 g6 2. Bg2 Bg7 3. f4 d5 4. Nf3 c5 5. O-O Nc6 6. d3 Nf6 7. Qe1 d4 8. a4 O-O
9. Na3 Be6 10. Bd2 Bd5 11. c4 Be6 12. a5 Rb8 13. Nc2 Qd7 14. b4 cxb4 15. Nxb4
Nxb4 16. Ne5 Nxd3 17. exd3 Qc7 18. a6 Nd7 19. axb7 Bxe5 20. Ba5 Qc5 21. Bb4 Qc7
22. fxe5 Nxe5 23. Ba5 Qc5 24. Qb4 Nxd3 25. Qxc5 Nxc5 26. Rfb1 Na6 27. c5 Nxc5
28. Bc7 Bf5 29. Rb5 Nd7 30. Rxa7 d3 31. Rb2 e5 32. Bc6 e4 33. Bxd7 e3 34. Bxf5
gxf5 35. Bxb8 d2 36. Ra1 Rxb8 37. Kf1 1-0

[Event "DEM U16 2016"]
[Site "Willingen GER"]
[Date "2016.05.17"]
[Round "5"]
[White "Polster, Christian"]
[Black "Muckle, Julius"]
[Result "1/2-1/2"]
[Termination "normal"]
[Board "4"]
[WhiteElo "2150"]
[BlackElo "2163"]
[WhiteClock "00:15:12"]
[BlackClock "00:14:27"]
[PlyCount "62"]
[WhiteFideId "12965081"]
[BlackFideId "12942430"]
[EventCountry "GER"]
[EventRounds "9"]
[EventType "swiss"]
[EventDate "2016.05.14"]

1. e4 e6 2. d4 d5 3. Nc3 Nf6 4. Bg5 Be7 5. e5 Nfd7 6. h4 Bxg5 7. hxg5 Qxg5 8.
Qd3 g6 9. Nf3 Qe7 10. Qe3 Nc6 11. O-O-O Nb6 12. Qf4 h5 13. g4 Bd7 14. gxh5 gxh5
15. Rg1 O-O-O 16. Rg7 Rdg8 17. Rxf7 Rf8 18. Rf6 Rxf6 19. exf6 Rf8 20. Nb5 Qd8
21. f7 a6 22. Nc3 Qe7 23. Ng5 Nd8 24. Bh3 Nxf7 25. Nh7 Rh8 26. Nf6 Qd6 27. Qxd6
Nxd6 28. Re1 Rh6 29. Ng8 Rh8 30. Nf6 Rh6 31. Ng8 Rh8 1/2-1/2

[Event "DEM U16 2016"]
[Site "Willingen GER"]
[Date "2016.05.17"]
[Round "5"]
[White "Pallas, Sebastian"]
[Black "Bergauz, Noam"]
[Result "1/2-1/2"]
[Termination "normal"]
[Board "5"]
[WhiteElo "2225"]
[BlackElo "2301"]
[WhiteClock "00:31:51"]
[BlackClock "00:00:00"]
[PlyCount "94"]
[WhiteFideId "12905453"]
[BlackFideId "12938033"]
[EventCountry "GER"]
[EventRounds "9"]
[EventType "swiss"]
[EventDate "2016.05.14"]

1. e4 e6 2. d4 d5 3. Nd2 Nf6 4. e5 Nfd7 5. Bd3 c5 6. c3 b5 7. Ne2 b4 8. O-O Qb6
9. f4 Nc6 10. Nf3 Be7 11. Kh1 Ba6 12. f5 Bxd3 13. Qxd3 c4 14. Qc2 O-O-O 15.
fxe6 fxe6 16. Bg5 Rdf8 17. Bxe7 Nxe7 18. b3 Kb8 19. bxc4 dxc4 20. cxb4 Nd5 21.
Rfc1 Rc8 22. Nc3 Qb7 23. Nxd5 Qxd5 24. a4 g5 25. Nxg5 Rhg8 26. Nf3 h5 27. Ra3
h4 28. Nxh4 Qxd4 29. Nf3 Qd5 30. Rd1 Qb7 31. Rc3 Nb6 32. Rc1 Rcf8 33. Qd2 Nxa4
34. Qd6+ Ka8 35. Ra3 Nb2 36. Rca1 Rd8 37. Rxa7+ Qxa7 38. Rxa7+ Kxa7 39. Qc7+
Ka8 40. Qc6+ Kb8 41. h3 Rg7 42. Qb6+ Kc8 43. Qxe6+ Kb7 44. b5 Rc7 45. Qa6+ Kb8
46. b6 Rb7 47. Qa5 Rc8 1/2-1/2

[Event "DEM U16 2016"]
[Site "Willingen GER"]
[Date "2016.05.17"]
[Round "5"]
[White "Lagunow, Raphael"]
[Black "Kololli, Kevin"]
[Result "1/2-1/2"]
[Termination "normal"]
[Board "6"]
[WhiteElo "2311"]
[BlackElo "2164"]
[WhiteClock "00:15:38"]
[BlackClock "01:08:58"]
[PlyCount "51"]
[WhiteFideId "24652644"]
[BlackFideId "12936863"]
[EventCountry "GER"]
[EventRounds "9"]
[EventType "swiss"]
[EventDate "2016.05.14"]

1. d4 Nf6 2. Nf3 g6 3. g3 Bg7 4. Bg2 O-O 5. O-O d6 6. Re1 Nbd7 7. e4 e5 8. c4
exd4 9. Nxd4 Re8 10. Nc3 c6 11. h3 a5 12. Be3 Nc5 13. Qc2 Nfd7 14. Rad1 a4 15.
f4 Qa5 16. Nde2 Nf6 17. Nd4 Qb4 18. a3 Qa5 19. g4 h6 20. Bf2 Nfd7 21. Kh1 Qc7
22. Bg3 Ra5 23. Qd2 Ra6 24. Qc2 Ra5 25. Qd2 Ra6 26. Qc2 1/2-1/2

[Event "DEM U16 2016"]
[Site "Willingen GER"]
[Date "2016.05.17"]
[Round "5"]
[White "Martin, Julian"]
[Black "Rieß, Alexander"]
[Result "0-1"]
[Termination "normal"]
[Board "7"]
[BlackTitle "FM"]
[WhiteElo "2325"]
[BlackElo "2205"]
[WhiteClock "00:01:03"]
[BlackClock "00:21:14"]
[PlyCount "52"]
[WhiteFideId "12941000"]
[BlackFideId "12953326"]
[EventCountry "GER"]
[EventRounds "9"]
[EventType "swiss"]
[EventDate "2016.05.14"]

1. e4 e6 2. d4 d5 3. Nd2 c5 4. exd5 Qxd5 5. Ngf3 cxd4 6. Bc4 Qd6 7. Qe2 Nf6 8.
Nb3 Nc6 9. Bg5 a6 10. O-O-O b5 11. Bd3 Be7 12. Kb1 Bb7 13. Nbxd4 Nxd4 14. Nxd4
O-O 15. Nf3 Bd5 16. Ne5 Qc7 17. Rhe1 Rfc8 18. g4 Bd6 19. h3 Bb4 20. Bd2 Bxd2
21. Rxd2 Qa5 22. b3 Be4 23. Kb2 Bxd3 24. Rxd3 Nd5 25. Qf3 Qxe1 26. Qxf7+ Kh8
0-1

[Event "DEM U16 2016"]
[Site "Willingen GER"]
[Date "2016.05.17"]
[Round "5"]
[White "Ovsepyan, Arshak"]
[Black "Kitze, Alexander"]
[Result "1/2-1/2"]
[Termination "normal"]
[Board "8"]
[WhiteElo "2158"]
[BlackElo "2231"]
[WhiteClock "00:49:30"]
[BlackClock "00:14:57"]
[PlyCount "87"]
[WhiteFideId "24690236"]
[BlackFideId "12914827"]
[EventCountry "GER"]
[EventRounds "9"]
[EventType "swiss"]
[EventDate "2016.05.14"]

1. d4 Nf6 2. c4 g6 3. Nc3 d5 4. e3 Bg7 5. Qb3 e6 6. Qa3 a5 7. Nf3 c6 8. Ne5 Na6
9. Bd2 Nb4 10. Rc1 dxc4 11. Bxc4 O-O 12. O-O b6 13. Ne2 Bb7 14. Bxb4 axb4 15.
Qxb4 c5 16. Qb3 Ne4 17. Nf3 Ng5 18. Nxg5 Qxg5 19. f3 Rac8 20. Kh1 cxd4 21. exd4
Rc6 22. Rc3 Rd6 23. Rd3 Rfd8 24. Rfd1 Qh4 25. g3 Qe7 26. Kg2 Qd7 27. Bb5 Qe7
28. a4 e5 29. dxe5 Bxe5 30. Bc4 Rxd3 31. Bxd3 Qf6 32. Be4 Rxd1 33. Qxd1 Bxe4
34. fxe4 Bxb2 35. Qd5 Ba3 36. e5 Qe7 37. Nd4 Bc5 38. Nc6 Qg5 39. Qd8+ Qxd8 40.
Nxd8 Kf8 41. Kf3 Ke7 42. Nb7 Bg1 43. h3 f6 44. exf6+ 1/2-1/2